La elite del poder /
Guardado en:
| Autor Principal: | |
|---|---|
| Formato: | Libro |
| Publicado: |
Mexico / Buenos Aires :
Fondo De Cultura Economica,
1957
|
| Edición: | 2a. ed. |
| Materias: | |
| Etiquetas: |
Agregar Etiqueta
Sin Etiquetas, Sea el primero en etiquetar este registro!
|
| LEADER | 00672nam a22002295a 4500 | ||
|---|---|---|---|
| 001 | EHU.bham024608 | ||
| 003 | AR-BHAM | ||
| 005 | 20130507152910.0 | ||
| 008 | 130507s1957##################000#0#####d | ||
| 082 | 3 | 2 | |a 321.5 |
| 100 | 1 | |a Mills, C. Wright | |
| 245 | 1 | 0 | |a La elite del poder / |c C. Wright Mills |
| 250 | |a 2a. ed. | ||
| 260 | |a Mexico / Buenos Aires : |b Fondo De Cultura Economica, |c 1957 | ||
| 300 | |a 388 p. | ||
| 500 | |a Trad. Por F. Torner Y E. De Champourcin | ||
| 653 | |a Donacion lejarraga | ||
| 653 | |a Poder | ||
| 653 | |a Sociedad | ||
| 653 | |a Riqueza-acumulacion de la | ||
| 653 | |a Politica | ||
| 859 | |a AR-BHAM |b BIB. HUMANIDADES - General |h 321.5 |i M624A2 |p 386.02 |t Ej.1 | ||
